00221nam a2200085Ia 450000100070000000500170000700800410002424500380006526000320010371187420250826162816.0250824s9999 xx 000 0 und d 0aÖLÜM NE RENKcİ.SERDAR KAYA bKARATAY AKADEMİ YAYINLARI